|
|
|
|
| LEADER |
00000nam a22000007a 4500 |
| 005 |
20181227104232.0 |
| 007 |
cr|||| |||| |
| 008 |
181227s2018 mx |||||s|||| 00||0 spa d |
| 020 |
|
|
|a 978-607-541-097-5
|
| 035 |
|
|
|a 22641
|
| 040 |
|
|
|a vLex
|
| 090 |
|
|
|c 8383
|d 8383
|
| 100 |
1 |
|
|a Romǹ Sǹchez, Carlos Vital
|
| 245 |
1 |
0 |
|a Ms̀ de 100 Preguntas y Respuestas sobre Derecho de Cumplimiento (Compliance) en Mx̌ico
|h [Recurso electrn̤ico] /
|c Carlos Vital Romǹ Sǹchez
|
| 256 |
|
|
|a Servicio en ln̕ea
|
| 260 |
|
|
|a Ciudad de Mx̌ico:
|b Ediciones Fiscales ISEF,
|c 2018
|
| 300 |
|
|
|a 1 recurso electrn̤ico
|
| 500 |
|
|
|a El DERECHO DE CUMPLIMIENTO es una materia de reciente inclusin̤ en el m̀bito empresarial mexicano. Por esta razn̤ este libro expone los aspectos generales y especf̕icos del Gobierno Corporativo, del Derecho de Cumplimiento y de las Mejores Prc̀ticas Societarias. Contiene aspectos fundamentales, que todo abogado de empresa, contador pb︢lico, empresario y estudiante de Derecho, Contadura̕ o Administracin̤ debe saber sobre esta prc̀tica jurd̕ica.
|
| 506 |
1 |
|
|a Disponible solo en los productos indicados
|d vLex Global
|d vLex Global (Academic Edition, excluding Law Schools)
|d vLex Global (U.S. Academic Edition, Law Schools)
|d vLex Global (U.S. Academic Edition, excluding Law Schools)
|d vLex Global (Academic Edition, Law Schools)
|
| 650 |
0 |
4 |
|a Derecho Civil
|z Mx̌ico
|
| 650 |
0 |
4 |
|a Propiedad Industrial
|z Mx̌ico
|
| 650 |
0 |
4 |
|a Derecho Penal
|z Mx̌ico
|
| 740 |
0 |
|
|a vLex Libros (Servicio en ln̕ea)
|
| 856 |
4 |
0 |
|u http://vlex.com/source/mas-de-100-preguntas-y-respuestas-sobre-derecho-de-cumplimiento-compliance-en-mexico-22641
|z Acceso restringido
|
| 942 |
|
|
|c BOOK
|
| 999 |
0 |
|
|a Civil Law
|
| 999 |
0 |
|
|a Industrial Property
|
| 999 |
0 |
|
|a Criminal Law
|